| 000 | 00462nam a22001697a 4500 | ||
|---|---|---|---|
| 003 | BD-DhUL | ||
| 005 | 20190107101119.0 | ||
| 008 | 190107s1944 pk ||||| |||| 00| 0 urd d | ||
| 040 |
_aBD-DhUL _cBD-DhUL |
||
| 082 |
_a891.431 _bYUZ |
||
| 100 | 0 | _aیوسف ظفر | |
| 245 | 1 | 0 |
_aزنداں / _cیوسف ظفر |
| 260 |
_aلاہور : _bاردوبک سٹال، _c۔۱۹۴۴ |
||
| 300 |
_aص۔ ۱۴۴ ؛ _c۲۲ سم۔ |
||
| 650 | 4 | _aUrdu poetry | |
| 942 |
_2ddc _cBK |
||
| 999 |
_c245600 _d245600 |
||